000 01009nam a2200289 i 4500
001 15306
003 ES-MaACL
005 20250830225828.0
007 t|
008 000214s1999 sp |||| | spa j
020 _a84-89753-28-8
080 _a949.71"1991/95"
080 _a327(73)"1945/.."
080 _a327(430)"1990/.."
100 1 _aCollon, Michel.
_939753
245 1 3 _aEl juego de la mentira
_b: las grandes potencias, Yugoslavia, la OTAN y las próximas guerras /
_cMichel Collon ; traducción, Eva Sastre Forest.
260 _aHondarribia :
_bHiru,
_c[1999]
300 _a479 p. :
_bil. ;
_c17 cm.
490 1 _aLas otras voces ;
_v5
650 7 _aGuerra de Yugoslavia, 1991-1995
_2embne
_913195
651 7 _aEstados Unidos-
_xPolítica exterior-
_y1945-1989
_2
_9165138
651 4 _aAlemania-
_xPolítica exterior-
_y1990-
_97667
700 1 _aSastre Forest, Eva.
_9103928
830 0 _aLas otras voces ;
_v5
_9179741
852 _aES-MaACL
_jL-22616
999 _c15306
_d15306